Scramble Match: Two Word Musicals Quiz Stats

 Plays Quiz not verified by Sporcle

Score 0/15 Timer 08:00
13 Plays Today
% Correct
AAMMM
90.6%
SEL
90.5%
SEERYJ
88.4%
HET
88%
RYAM
87.2%
EVEANU
85.9%
LOLEH
85.2%
HOWS
84.8%
% Correct
RESITS
78.3%
SYGUB
71.2%
LOBDO
69.8%
GALYELL
65.3%
TENSUS
62.9%
ICYMALTA
59.9%
GILTTRASH
59.7%

You're not logged in!

Compare scores with friends on all Sporcle quizzes.
OR
Log In

Show Comments

Extras

Top Quizzes Today


Score Distribution

Your Account Isn't Verified!

In order to create a playlist on Sporcle, you need to verify the email address you used during registration. Go to your Sporcle Settings to finish the process.

Report this User

Report this user for behavior that violates our Community Guidelines.

Details: